| 000 | 02810nam a2200361 4500 | ||
|---|---|---|---|
| 003 | OSt | ||
| 005 | 20260512081016.0 | ||
| 008 | 260512b |||||||| |||| 00| 0 aze d | ||
| 040 |
_aAZ-XaKU _baze _cAZ-XaKU |
||
| 041 | 0 | _aaze | |
| 050 | 1 | 4 | _aHM1126 .Y929 2018 |
| 100 | 1 |
_aYusifov, E.F., _emüəllif. |
|
| 245 | 1 |
_aKonfliktologiya _b/ E.F.Yusifov, M.K.Ramazanov ; elmi redaktor Cəlal Qasımov ; rəyçilər Hikmət Məmmədov, Adil Baxşəliyev, Könül Şıxiyeva |
|
| 264 |
_aBakı: _bDTX-in Heydər Əliyev adına Akademiyasının nəşriyyatı, _c2018. |
||
| 300 |
_a460 səhifə ; _bsxem, cədvəl, şəkil; _c25 sm. |
||
| 336 |
_atext _btxt _2rdacontent |
||
| 337 |
_aunmediated _bn _2rdamedia |
||
| 338 |
_avolume _bnc _2rdacarrier |
||
| 500 | _aAR DTX-in Heydər Əliyev adına Akademiyasının Elmi Şurasının 23 may 2018-ci il tarixli iclasının (protokol №12) qərarı ilə dərslik kimi nəşrə tövsiyə olunmuşdur. | ||
| 504 | _aİstifadə olunmuş mənbələr: s. 447-454 | ||
| 505 | 0 | _aÖn söz -- Giriş -- I Fəsil. Konfliktologiyanın mənbələri və nəzəri əsasları -- II Fəsil. Konfliktlərin strukturu, funksiyaları və tədqiqat metodları -- III Fəsil. Şəxsiyyətdaxili konfliktlər -- IV Fəsil. Şəxsiyyətlərarası və qruplararası konfliktlər -- V Fəsil. Hərbi-siyasi konfliktlər -- VI Fəsil. Etnik-milli, siyasi-coğrafi və geosiyasi konfliktlər -- VII Fəsil. Azərbaycan tarixinin konfliktli səhifələri -- VIII Fəsil. Konfliktlərin tənzimlənməsi. | |
| 520 | 0 | _aDosent Elman Fərhad oğlu Yusifov və dosent Müşfiq Köçəri oğlu Ramazanov tərəfindən yazılan kitabda konfliktologiyanın müstəqil elm kimi təkamülü, əsas konflikt nəzəriyyələri, konfliktlərin müasir tədqiqat metodları, konfliktlərin strukturu, dinamikası və funksiyaları kimi məsələlər öz əksini tapmışdır. Kitabda eyni zamanda Azərbaycanın ictimai və elmi fikir tarixində konflikt problemləri tarixi kontekstdə araşdırılmış, konfliktologiyanın metodoloji prinsipləri, onların qabaqlanması və idarə edilməsi məsələləri açıqlanmışdır. | |
| 521 | _aDərslik DTX-nin Heydər Əliyev adına Akademiyasının kursant və dinləyiciləri, həmçinin, konfliktologiya kursunu öyrənən digər universitetlərin tələbə və müəllimləri, eləcə də bu sahədə çalışan elmi işçilər və mütəxəssislər üçün nəzərdə tutulmuşdur. | ||
| 650 | 7 |
_aİqtisadiyyat _2AZ-XaKU |
|
| 655 |
_2Az-XaKU _adərslik |
||
| 700 | 1 |
_aRamazanov, Müşfiq, _emüəllif. |
|
| 700 | 1 |
_aQasımov, Cəlal, _eelmi redaktor. |
|
| 700 | 1 |
_aMəmmədov, Hikmət, _erəyçi. |
|
| 700 | 1 |
_aBaxşəliyev, Adil, _erəyçi. |
|
| 700 | 1 |
_aŞıxiyeva, Könül, _erəyçi. |
|
| 942 | _cBOOK | ||
| 999 |
_c413 _d413 |
||